Kiếm tiền siêu tốc : Giúp bạn tăng thu nhập một cách nhanh nhất = Cash in a flash: Fast money in slow times

Cung cấp những kiến thức và bí quyết để có khởi đầu thuận lợi về tài chính trong cuộc sống, cách thức để đương đầu với khó khăn trong những giai đoạn khủng hoảng kinh tế và học hỏi cách ứng xử với tiền bạc để có thể tận hưởng...

Full beskrivning

Sparad:
Bibliografiska uppgifter
Huvudupphovsman: Hansen, Mark Victor
Materialtyp: Bok
Språk:Undetermined
Publicerad: Hà Nội Lao động 2015
Ämnen:
Taggar: Lägg till en tagg
Inga taggar, Lägg till första taggen!
Thư viện lưu trữ: Trung tâm Học liệu Trường Đại học Cần Thơ
LEADER 01266nam a2200229Ia 4500
001 CTU_207787
008 210402s9999 xx 000 0 und d
020 |c 110000 
082 |a 332.024 
082 |b H249 
100 |a Hansen, Mark Victor 
245 0 |a Kiếm tiền siêu tốc : 
245 0 |b Giúp bạn tăng thu nhập một cách nhanh nhất = Cash in a flash: Fast money in slow times 
245 0 |c Mark Victor Hansen, Robert G. Allen ; Đặng Hoài Nam dịch 
260 |a Hà Nội 
260 |b Lao động 
260 |c 2015 
520 |a Cung cấp những kiến thức và bí quyết để có khởi đầu thuận lợi về tài chính trong cuộc sống, cách thức để đương đầu với khó khăn trong những giai đoạn khủng hoảng kinh tế và học hỏi cách ứng xử với tiền bạc để có thể tận hưởng một cuộc sống cân bằng, ổn định và hạnh phúc 
650 |a Thành công,Tài chính cá nhân,Success,Finance, Personal 
650 |x Khía cạnh tâm lý,Psychological aspects 
904 |i Hải 
980 |a Trung tâm Học liệu Trường Đại học Cần Thơ